| 000 | 00495nam a22001697a 4500 | ||
|---|---|---|---|
| 005 | 20251108165352.0 | ||
| 008 | 250721s1997 xx 000 0 ara d | ||
| 082 | 1 | 4 | _a221/منى |
| 100 | 1 | _aمنى، زياد | |
| 245 | 1 | 0 |
_aجغرافية التوراة : _bمصر و بنو إسرائيل في عسير / |
| 264 | 1 |
_aلندن : _bرياض الريس، _c1997. |
|
| 300 | _a218ص | ||
| 650 | 1 | 7 | _aالكتاب المقدس |
| 650 | 1 | 7 | _aالتوراة |
| 942 |
_2ddc _cBK |
||
| 999 |
_c26257 _d26257 |
||